|
|
|
|
| LEADER |
01362nam a2200373Ia 4500 |
| 001 |
EBC467047 |
| 003 |
MiAaPQ |
| 005 |
20200520144314.0 |
| 006 |
m o d | |
| 007 |
cr cn||||||||| |
| 008 |
090519s2010 mdub sb 001 0 eng d |
| 010 |
|
|
|z 2009019439
|
| 020 |
|
|
|z 9780742553156 (cloth : alk. paper)
|
| 020 |
|
|
|a 9780742567320 (electronic bk.)
|
| 035 |
|
|
|a (MiAaPQ)EBC467047
|
| 035 |
|
|
|a (Au-PeEL)EBL467047
|
| 035 |
|
|
|a (CaPaEBR)ebr10364445
|
| 035 |
|
|
|a (CaONFJC)MIL249742
|
| 035 |
|
|
|a (OCoLC)667292812
|
| 040 |
|
|
|a MiAaPQ
|c MiAaPQ
|d MiAaPQ
|
| 050 |
|
4 |
|a HJ6619
|b .K37 2010
|
| 100 |
1 |
|
|a Karras, Alan L.
|
| 245 |
1 |
0 |
|a Smuggling
|h [electronic resource] :
|b contraband and corruption in world history /
|c Alan L. Karras.
|
| 260 |
|
|
|a Lanham :
|b Rowman & Littlefield,
|c c2010.
|
| 300 |
|
|
|a xii, 201 p. :
|b maps.
|
| 490 |
1 |
|
|a Exploring world history
|
| 504 |
|
|
|a Includes bibliographical references and index.
|
| 533 |
|
|
|a Electronic reproduction. Ann Arbor, MI : ProQuest, 2015. Available via World Wide Web. Access may be limited to ProQuest affiliated libraries.
|
| 650 |
|
0 |
|a Smuggling.
|
| 650 |
|
0 |
|a Customs administration.
|
| 655 |
|
4 |
|a Electronic books.
|
| 710 |
2 |
|
|a ProQuest (Firm)
|
| 830 |
|
0 |
|a Exploring world history.
|
| 856 |
4 |
0 |
|u https://ebookcentral.proquest.com/lib/matrademy/detail.action?docID=467047
|z Click to View
|